Курс высшей математики: [Учебная литература для вузов]. Т. 5 (Запись № 30543)

Подробности
000 -МАРКЕР
контрольное поле 00683nam a2200217 cc4500
001 - КОНТРОЛЬНЫЙ НОМЕР ЗАПИСИ
контрольное поле 000030543
003 - ПРИНАДЛЕЖНОСТЬ КОНТРОЛЬНОГО НОМЕРА
контрольное поле RuMoIPM
005 - ДАТА И ВРЕМЯ ПОСЛЕДНЕЙ ТРАНЗАКЦИИ
контрольное поле 20260513111950.0
008 - ЭЛЕМЕНТЫ ДАННЫХ ФИКСИРОВАННОЙ ДЛИНЫ
контрольное поле 230210s1959 ru ||||||| |||| ||rus d
035 ## - КОНТРОЛЬНЫЙ НОМЕР СИСТЕМЫ
контрольный номер системы (RuMoBEN) 002102376
035 ## - КОНТРОЛЬНЫЙ НОМЕР СИСТЕМЫ
контрольный номер системы (ELAR retro) [2022] 000126900
040 ## - ОРГАНИЗАЦИЯ-СОЗДАТЕЛЬ ЗАПИСИ
организация-создатель исходной библиографической записи RuMoBEN
язык каталогизации rus
правила каталогизации rcr
041 0# - КОД ЯЗЫКА
код языка текста Русский
044 ## - КОД СТРАНЫ ПУБЛИКАЦИИ/ИЗГОТОВЛЕНИЯ
MARC код страны публикации/изготовления Российская Федерация
080 ## - ИНДЕКС УНИВЕРСАЛЬНОЙ ДЕСЯТИЧНОЙ КЛАССИФИКАЦИИ
индекс Универсальной десятичной классификации 510(075.8)
245 10 - ОБЛАСТЬ ЗАГЛАВИЯ И СВЕДЕНИЙ ОБ ОТВЕТСТВЕННОСТИ
заглавие Т. 5
сведения об ответственности и т. д В. И. Смирнов
260 ## - ОБЛАСТЬ ВЫХОДНЫХ ДАННЫХ
место публикации, распространения, изготовления и т. д Москва
издательство, издатель, распространитель и т. д Физматгиз
дата издания, распространения и т. д 1959
300 ## - ОБЛАСТЬ КОЛИЧЕСТВЕННОЙ ХАРАКТЕРИСТИКИ
объём 655 с.
773 ## - ПОИСКОВЫЙ ПРИЗНАК НА ОСНОВНУЮ ЕДИНИЦУ, СОСТАВНОЙ ЧАСТЬЮ КОТОРОЙ ЯВЛЯЕТСЯ ОПИСЫВАЕМЫЙ МАТЕРИАЛ
заголовок/основной поисковый признак основной записи (автор) Смирнов, Владимир Иванович
заглавие Курс высшей математики: [Учебная литература для вузов]
контрольный номер связываемой записи 000018741
942 ## - ДАННЫЕ О ЗАПИСИ (KOHA)
Тип экземпляра (KOHA) Книга
Экземпляры
Статус выдачи Библиотека держатель Текущая библиотека Местонахождение Шифр хранения Тип экземпляра
  Институт прикладной математики им. М.В. Келдыша Институт прикладной математики им. М.В. Келдыша Миусская 51 / С 50 Книга
  Институт прикладной математики им. М.В. Келдыша Институт прикладной математики им. М.В. Келдыша     Книга